Statistics for Leave Me Alone Part One- Song by NF

Click here to take the quiz!

General Stats

  • This quiz has been taken 15 times
  • The average score is 169 of 500

Answer Stats

Answer% Correct
a
100%
alone
92%
leave
92%
me
92%
hey
83%
joke
83%
no
83%
i
75%
not
75%
the
75%
business
67%
handle
67%
my
67%
ghost
58%
i'm
58%
kinda
58%
manners
58%
missin'
58%
of
58%
panic-stricken
58%
so
58%
to
58%
we
58%
yeah
58%
you
58%
your
58%
be
50%
control
50%
go
50%
in
50%
it
50%
notes
50%
then
50%
but
42%
distance
42%
does
42%
here
42%
highly
42%
hit
42%
interest
42%
keep
42%
lack
42%
road
42%
some
42%
take
42%
them
42%
time
42%
twisted
42%
visit
42%
well
42%
when
42%
why'd
42%
ain't
33%
an
33%
and
33%
balloons
33%
can
33%
close
33%
closed
33%
description
33%
different
33%
do
33%
don't
33%
famous
33%
from
33%
gifted
33%
know
33%
let
33%
listen
33%
mean
33%
nobody
33%
obsess
33%
ocd
33%
offended
33%
on
33%
same
33%
see
33%
that
33%
things
33%
travel
33%
up
33%
went
33%
zip
33%
about
25%
are
25%
can't
25%
diagnosed
25%
feel
25%
gather
25%
hang
25%
health
25%
hide
25%
if
25%
inside
25%
inventive
25%
jog
25%
just
25%
let's
25%
means
25%
memories
25%
menace
25%
mental
25%
might
25%
normal
25%
over
25%
overwhelmed
25%
profound
25%
quiet
25%
quite
25%
'round
25%
tell
25%
think
25%
thought
25%
what
25%
with
25%
closet
17%
day
17%
draining
17%
every
17%
explain
17%
full
17%
ground
17%
hold
17%
how
17%
is
17%
it's
17%
next
17%
obsessively
17%
plaques
17%
right
17%
ruminating
17%
say
17%
self-hatred
17%
she
17%
should
17%
tells
17%
they
17%
thoughts
17%
where's
17%
wife
17%
afraid
8%
away
8%
blow
8%
blowin'
8%
buzz
8%
change
8%
cover
8%
doubts
8%
else
8%
'em
8%
face
8%
fine
8%
flow
8%
grip
8%
i'll
8%
isn't
8%
loosen
8%
move
8%
now
8%
okay
8%
onto
8%
out
8%
pacing
8%
proud
8%
remain
8%
scared
8%
she's
8%
something
8%
that's
8%
thinks
8%
umbrella
8%
under
8%
want
8%
weather
8%
wind
8%
would
8%
acting
0%
admit
0%
advice
0%
again
0%
all
0%
always
0%
ayy
0%
better
0%
cold
0%
come
0%
comin'
0%
conversation
0%
debate
0%
decimated
0%
devoted
0%
dial
0%
difficult
0%
down
0%
drop
0%
embrace
0%
end
0%
enough
0%
even
0%
fade
0%
fading
0%
fans
0%
filled
0%
float
0%
floating
0%
for
0%
funny
0%
game
0%
got
0%
hate
0%
help
0%
i'ma
0%
interviews
0%
lately
0%
like
0%
looking
0%
loud
0%
make
0%
moments
0%
more
0%
mouth
0%
Nathan
0%
need
0%
notice
0%
nowhere
0%
numbers
0%
once
0%
operation
0%
or
0%
our
0%
overlooked
0%
part
0%
post
0%
public
0%
ring
0%
shut
0%
snowing
0%
socials
0%
song
0%
sound
0%
surface
0%
they're
0%
tone
0%
undercover
0%
underrated
0%
very
0%
was
0%
watch
0%
weighing
0%
we're
0%
will
0%
woo
0%

Score Distribution

Percentile by Number Answered

Percent of People with Each Score

Your Score History

You have not taken this quiz